|
|
|
|
| LEADER |
00000nab a2200000 a 4500 |
| 001 |
vtls000006116 |
| 003 |
SK-MaSNL |
| 005 |
20260303021231.0 |
| 008 |
220423c1978 xo 0 slo |
| 015 |
|
|
|a SNBRB19rr/mm-uuuuu
|
| 035 |
|
|
|a CL0016209
|
| 040 |
|
|
|a SNKBUCL
|b slo
|c SNKBUCL
|e AACR2
|
| 041 |
0 |
|
|a slo
|
| 044 |
|
|
|a xo
|c SK
|
| 080 |
|
|
|a 327(437)
|2 1981
|
| 080 |
|
|
|a 327(47
|2 1981
|
| 080 |
|
|
|a 355/359
|2 1981
|
| 100 |
1 |
|
|a Dzúr, Martin,
|d 1919-1985
|4 aut
|9 48944
|
| 245 |
1 |
0 |
|a Bratstvo spečatené spoločným bojom
|b Rad Októbrovej revolúcie M. Dzúrovi A. Kosygin prijal československého ministra
|c M. Dzúr ; Martin Dzúr
|
| 600 |
1 |
7 |
|a Dzúr, Martin,
|d 1919-1985
|2 snkbucl
|9 48944
|
| 650 |
0 |
7 |
|a ČSSR
|2 snkbucl
|9 335647
|
| 651 |
|
7 |
|a Sovietsky zväz
|2 snkbucl
|9 22126
|
| 655 |
|
7 |
|a články z novín a časopisov
|2 snkbucl
|9 267496
|
| 700 |
1 |
|
|a Dzúr, Martin,
|d 1919-1985
|4 aut
|9 48944
|
| 773 |
0 |
|
|t Pravda
|g Roč. 59, č. 225 (23. 9. 1978), s. 1 a 7
|
| 850 |
|
|
|a Slovenská národná knižnica v Martine
|a MTA001
|
| 852 |
|
|
|a SNK
|b KIS3GCP
|
| 958 |
|
|
|a RK
|
| 958 |
|
|
|a ME
|
| 992 |
|
|
|a RBX
|
| 999 |
|
|
|c 1622104
|d 1624034
|